| 000 | 00494cam a2200181ua 4500 | ||
|---|---|---|---|
| 001 | 3590 | ||
| 008 | 111122n ii |||gr||||Z||||||asm | ||
| 040 | _cMAIN | ||
| 082 | _a891.4518 | ||
| 100 |
_aBhattacharyya, Hiranya Kumar, _eAuthor. |
||
| 245 | 1 | 1 |
_aKararuddha jibanar bakruddha kahini _cby Hiranya Kumar Bhattacharyya |
| 250 | _a2nd. | ||
| 260 |
_aDibrugarh: _bBanalata,985. |
||
| 300 |
_a506p: _c23cm. |
||
| 653 | _aAssamese | ||
| 653 | _aKararuddha jibanar bakruddha kahini | ||
| 942 | _cBK | ||
| 999 |
_c3431 _d3431 |
||